000 01441nam0a2200313 4500
001 RU\NLR\bibl\1212590
005 20260408191625.0
010 _a978-5-7017-1072-4
_9500
021 _aRU
_b2008-12180
_9665
035 _a(NLR Aleph) 001198999
090 _a1764728
_c1764728
100 _a20080410d2007 |||y0rusy50 ca
101 0 _arus
102 _aRU
105 _ay |||||||||
200 1 _aРазвитие туризма в Подмосковье
_e(учебное пособие)
_eдля студентов географических факультетов и учителей географии школ Подмосковья
_fД. В. Беляков, М. Н. Угольников
_gМ-во образования и науки РФ, Моск. гос. обл. ун-т
210 _aМосква
_cМГОУ
_d2007
215 _a106 с.
_d21
320 _aБиблиогр.: с. 103-105 (41 назв.)
606 _aТуризм
_jУчебные издания
_yМосковская область
_92113698
_3RU\NLR\AUTH\661277142
686 1 _aЧ518.14(2Р-4Мо)
700 1 _aБеляков
_bД. В.
_gДмитрий Валерьевич
_4070
701 1 _aУгольников
_bМ. Н.
_gМихаил Нефодиевич
_4070
801 0 _aRU
_bNLR
_c20080410
_gRCR
801 1 _aRU
_bNLR
_c20080410
942 _cBOOK
980 _aNB